000 00740nam a2200253Ia 4500
003 OSt
005 20220925231845.0
006 a|||||r|||| 00| 0
007 ta
008 220923b |||||||| |||| 00| 0 eng d
020 _a155786554X
037 _cGeneral Book
040 _aRTL
_cRTL
_beng
041 _2eng
_aeng
082 _aY:6, N6
100 _aHeelas Paul and others Ed.
_9296264
245 0 _aDetraditionalization
_b Critical reflections on authority and identity
260 _aMassachusetts
_bBlackwell
_c1996
300 _aix, 347p
_ccm.
500 _aBibliography chapterwise
650 _aSocial Change
942 _hY:6, N6
_cGB
_2CC
999 _c589654
_d589654